00582nam a2200181 a 450000100100000000500170001000800410002702000150006804000250008308200200010810000310012824500590015926000480021830000200026650000630028665000240034965000270037300001314620240412074237.0091120s1996 dr 000 j spa d z8498539375 aDO-SdBNPbspacBNPHU aRD863.44bV145m1 aValdez, Diógenes,d1941-10aMotivos para aborrecer a Picasso /cDiógenes Valdes. aSanto Domingo :bEditora De Colores,c1996. a96 p. ;c21 cm. aIncluye datos biográficos del autor en la contracubierta 0aCuentos dominicanos 0aLiteratura dominicana.